Scott Lynch Bibliography - Statistics

General Stats
  • This quiz has been taken 2 times
  • The average score is 5 of 8
Answer Stats
Type Year Name % Correct
Novel 2007 Red Seas Under Red Skies
100%
Novel 2006 The Lies of Locke Lamora
100%
Novel 2013 The Republic of Thieves
100%
Novel TBA The Thorn of Emberlain
100%
Novel TBA Inherit the Night
50%
Novel TBA The Mage and the Master Spy
50%
Novel 2009-2012 Queen of the Iron Sands
0%
Novel TBA The Ministry of Necessity
0%
No matching quizzes found
Score Distribution
Percent of People with Each Score
Percentile by Number Answered
Your Score History
You have not taken this quiz